00409nam a2200145Ia 4500008004100000040001900041041001200060082003000072100002100102245003600123260004000159300002100199650003300220850001000253131103s9999 xx 000 0 und d aLoreto College aEnglish a891.4309/MISbLCLIB/31045 aMishra,Ramdarash aHindi UpanyascRamdarash Mishra aNew DelhibRajkamal Prakashanc1968 a253 p. c 22 cm. aHindi Literature - Criticism aLCLIB